000 00827nam a2200253 a 4500
001 BRCA_4611
005 20190320204733.0
008 270910s2001----mx-######b---#000-0#spa-#
020 _a8488333587 (v.1)
020 _a8488333595 (v.2)
041 _aspa
044 _asp
050 4 _aPQ6279
_b.F31 2001
245 1 0 _aFélix Magno
_b(Sevilla, Sebastián Trugillo, 1549)
_cedición de Claudia Demattè.
260 _aAlcalá de Henares [España]
_bCentro de Estudios Cervantinos
_c2001
300 _a2 v.
_c24 cm.
440 0 _aLos libros de Rocinante
_v9-10
_911671
504 _aIncluye referencias bibliograficas
505 0 _aContenido: v.1. Félix Magno I.II. -- v.2. Félix Magno III-IV.
650 1 4 _aLiteratura
_zEspaña
_911672
700 1 _aDemattè, Claudia
_eEditora
_911673
902 _aCERV
942 _2lcc
_cB
999 _c4316
_d4316